000 00882nam a2200253 4500
001 174700
003 ES-MaACL
005 20230906215625.0
008 100519s2003 sp ad |||| |dspa d
017 _aM 29600-2002
080 _a94(460).091
245 0 3 _aLa memoria de la Segunda República.
260 _aTorrecaballeros (Segovia) :
_bAsociación Historiadores del Presente,
_c2003.
300 _a234, [4] p. :
_bil., gráf. ;
_c24 cm.
490 1 _aHistoria del presente ;
_v2,
_x1579-8135
594 _aTít. tomado de la cub.
598 _aDirector, Abdón Mateos.
651 4 _aEspaña-
_xHistoria-
_y1931-1939, II República.
_98283
700 1 _aMateos López, Abdón.
_978987
710 2 _aAsociación Historiadores del Presente.
_9142897
830 0 _aHistoria del presente ;
_v2,
_x1579-8135
_9223734
852 4 _aES-MaACL
_jC-57196
999 _c174700
_d174700